000 01580cam a2200433 i 4500
001 200468107
003 TR-AnTOB
005 20260414135504.0
007 ta
008 260414t19871987ilu b 001 0 eng
010 _a 86025970
020 _a080931357X
_q(hardback)
020 _a9780809313570
035 _a(CLU)1654243-ucladb-Voyager
035 _a(OCoLC)14355128
035 _a(OCoLC)ocm14355128
035 _a(EXLNZ-01UCS_NETWORK)9912918082706531
035 _a(TR-AnTOB)200468107
040 _aDLC
_beng
_erda
_cDLC
_dMUQ
_dBAKER
_dNLGGC
_dBTCTA
_dYDXCP
_dGEBAY
_dOCLCQ
_dDHA
_dOCLCQ
_dOCLCF
_dOCLCO
_dCPO
_dOCLCQ
_dOCLCO
_dOCLCL
_dIG#
_dOCLCA
_dOCLCL
_dTR-AnTOB
041 0 _aeng
050 0 0 _aPS3566.Y55
_bG7348 1987
090 _aPS3566.Y55
_bG7348 1987
100 1 _aHume, Kathryn,
_d1945-
_eauthor
_4aut
_0http://id.loc.gov/authorities/names/n84114491
_9153654
245 1 0 _aPynchon's mythography :
_ban approach to Gravity's rainbow /
_cKathryn Hume.
246 1 0 _aAn approach to Gravity's rainbow
264 1 _aCarbondale :
_bSouthern Illinois University Press,
_c1987.
264 4 _c©1987
300 _axxi, 262 pages ;
_c23 cm
336 _atext
_btxt
_2rdacontent
337 _aunmediated
_bn
_2rdamedia
338 _avolume
_bnc
_2rdacarrier
490 0 _aCrosscurrents/modern critiques. Third series
504 _aBIBINDX
600 1 0 _aPynchon, Thomas.
_tGravity's rainbow
_9153655
650 0 _aMyth in literature
_0http://id.loc.gov/authorities/subjects/sh85089366
_9153656
942 _2lcc
_cBK
999 _c200468107
_d86319